Criminal Alternative Measures in Relation to Deprivation of Liberty Measures in Slovak Republik Compared to Spain, Italy, Portugal and Austria

Trestnoprávne alternatívne opatrenia, možnosti ich ukladania a výkonu v Slovenskej republike v porovnaní s vybranými štátmi Európy, a to Španielskom, Talianskom, Portugalskom a Rakúskom. Nielen alternatívne tresty, ale aj alternatívy k pozbaveniu osobnej slobody v predsúdnom konaní a alternatívy k n...

Celý popis

Uložené v:
Podrobná bibliografia
Hlavný autor: Michaľov, Lukáš
Médium: Kapitola
Jazyk:English
Predmet:
Tagy: Pridať tag
Žiadne tagy, Buďte prvý, kto otaguje tento záznam!

MARC

LEADER 00000naa a2200000 4500
001 0269578
005 20201028094435.5
041 0 |a eng 
044 |a SK 
245 1 0 |a Criminal Alternative Measures in Relation to Deprivation of Liberty Measures in Slovak Republik Compared to Spain, Italy, Portugal and Austria  |c Lukáš Michaľov 
520 |a Trestnoprávne alternatívne opatrenia, možnosti ich ukladania a výkonu v Slovenskej republike v porovnaní s vybranými štátmi Európy, a to Španielskom, Talianskom, Portugalskom a Rakúskom. Nielen alternatívne tresty, ale aj alternatívy k pozbaveniu osobnej slobody v predsúdnom konaní a alternatívy k nepodmienečného trestu počas jeho výkonu. Jednotlivé alternatívne opatrenia vo vybraných štátoch, komparácia so slovenskou vnútroštátnou úpravou. 
610 2 0 |a právo trestné 
610 2 0 |a sloboda 
610 2 0 |a opatrenia 
610 2 0 |a Slovensko 
100 1 |a Michaľov, Lukáš